| 000 | 00528nam a2200169 a 4500 | ||
|---|---|---|---|
| 001 | 000047928 | ||
| 005 | 20201002060819.0 | ||
| 008 | 181004s2015 dr a 000 spa d | ||
| 020 | _a9789945599572 | ||
| 040 |
_aDO-SdBNP _bspa _cBNPHU |
||
| 082 |
_axxx _bR425 |
||
| 245 | 0 |
_aReligión formación humana y religiosa 6 :. : _bsexto grado, segundo ciclo eduación primaria. |
|
| 260 |
_aSanto Domingo : _bActualidad Escolar, _c2015. |
||
| 300 |
_a136 p. : _bil ; _c28.5. |
||
| 490 | _aSerie Veraz | ||
| 590 | _aInventariado, 2018 /DG | ||
| 999 |
_c47416 _d47416 |
||